=LDR 00000nam 2200000 4500 =001 000643 =005 20250712030114 =035 ##$$a 0010-0725000511 =007 ta =008 250712################a##########0#ind## =020 ##$$a 978-623-307-634-0 =082 ##$$a 398.209 598 =100 #$$a Lim Shang Nee =245 1#$$a mengapa ayam betina berkotek? /$c Lim Shang Nee =250 ##$$a Pertama =260 ##$$a Jakarta :$b Badan pengembangan dan pembinaan bahasa,$c 2022 =300 ##$$a 12 hlm. : $b ilus. ; $c 22,9 cm =650 #4$$a Cerita anak Indonesia terjemahan =650 #4$$a Literasi bahan bacaan =700 #$$a Shanni =084 ##$$a 398.209 598 LIM m =990 ##$$a TBM202400412